Statistics for Hit Songs With One Word Titles

Click here to take the quiz!

General Stats

  • This quiz has been taken 140 times
  • The average score is 15 of 20

Answer Stats

DefinitionArtist#1 Song% Correct
Not goodMichael JacksonBad
100%
A greetingAdeleHello
100%
Thoughts, images, and sensations occurring during sleepFleetwood MacDreams
92%
A small but deadly explosisive thrown by hand or launcherBruno MarsGrenade
92%
Spectacular explosive devices used to entertain crowdsKaty PerryFirework
91%
Having no one else presentHeartAlone
87%
To damage or injure by heat or fireUsherBurn
87%
Members of the monarchyLordeRoyals
86%
Nonstandard spelling of yesUsher feat. Lil Jon & LudacrisYeah
86%
Explosive sticks with fusesTaio CruzDynamite
81%
For example: anger, joy, sadness, envyMariah CareyEmotions
81%
Complete trust in someone or somethingGeorge MichaelFaith
75%
To accept something as trueCherBelieve
72%
Said by magicians performing a magic trickThe Steve Miller BandAbracadabra
70%
Relating to the bodyOlivia Newton-JohnPhysical
65%
A surface with an even consistency free of lumps, bulgesSantana feat. Rob ThomasSmooth
65%
A substance that kills, injures, or impairs an organismBell Biv DevoePoison
58%
Moving from a higher to a lower level, rapidly and without controlAlicia KeyesFallin'
57%
A woman of high social class or of noble birthKenny RogersLady
50%
Latin dance with exaggerated hip motion to a fast rhythmLos Del RioMacarena
50%

Score Distribution

Percentile by Number Answered

Percent of People with Each Score

Your Score History

You have not taken this quiz